Công ty rửa tiền

Zapisane w:
Opis bibliograficzny
1. autor: Grisham, John
Format: Książka
Język:Undetermined
Wydane: Thanh Hóa Thanh Hoá 1998
Hasła przedmiotowe:
Etykiety: Dodaj etykietę
Nie ma etykietki, Dołącz pierwszą etykiete!
Thư viện lưu trữ: Trung tâm Học liệu Trường Đại học Cần Thơ
LEADER 00519nam a2200193Ia 4500
001 CTU_53227
008 210402s9999 xx 000 0 und d
020 |c 43500 
082 |a 813.54 
082 |b G869 
100 |a Grisham, John 
245 0 |a Công ty rửa tiền 
245 0 |c John Grisham ; Đức Hải dịch 
260 |a Thanh Hóa 
260 |b Thanh Hoá 
260 |c 1998 
650 |a American fiction 
904 |i Trọng Hiếu 
980 |a Trung tâm Học liệu Trường Đại học Cần Thơ